Statistics for Army modifiers in EU4

Click here to take the quiz!

General Stats

  • This quiz has been taken 29 times
  • The average score is 7 of 16

Answer Stats

Unit typesAnswer% Correct
TroopsDiscipline
96%
AllMorale
92%
TroopsLand Fire Damage
76%
TroopsShock Damage
76%
CavalryCavalry Flanking Ability
64%
AllCombat Ability
52%
TroopsCombat Width
40%
TroopsArmy Tradition
32%
NavyEngagement Width
32%
NavyShip Durability
28%
MercsMercenary Discipline
24%
NavyNaval Tradition
20%
CavalryCavalry to Infantry ratio
16%
TroopsMilitary Tactics
8%
TroopsShock Damage Recieved
8%
TroopsFire Damage Recieved
4%

Score Distribution

Percentile by Number Answered

Percent of People with Each Score

Your Score History

You have not taken this quiz